<?xml version="1.0" encoding="UTF-8"?>
<record
    xmlns:xsi="http://www.w3.org/2001/XMLSchema-instance"
    xsi:schemaLocation="http://www.loc.gov/MARC21/slim http://www.loc.gov/standards/marcxml/schema/MARC21slim.xsd"
    xmlns="http://www.loc.gov/MARC21/slim">

  <leader>00459nam a2200181Ia 4500</leader>
  <controlfield tag="008">230718s9999    xx            000 0 und d</controlfield>
  <datafield tag="020" ind1=" " ind2=" ">
    <subfield code="a">9788177586435</subfield>
  </datafield>
  <datafield tag="041" ind1=" " ind2=" ">
    <subfield code="a">eng</subfield>
  </datafield>
  <datafield tag="082" ind1=" " ind2=" ">
    <subfield code="a">621.3815'3</subfield>
    <subfield code="b">FLO</subfield>
  </datafield>
  <datafield tag="100" ind1=" " ind2=" ">
    <subfield code="a">Floyd T.L.</subfield>
  </datafield>
  <datafield tag="245" ind1=" " ind2=" ">
    <subfield code="a">Electronic Devices</subfield>
  </datafield>
  <datafield tag="250" ind1=" " ind2=" ">
    <subfield code="a">7th ed.</subfield>
  </datafield>
  <datafield tag="260" ind1=" " ind2=" ">
    <subfield code="c">2009</subfield>
    <subfield code="b">Pearson Education</subfield>
  </datafield>
  <datafield tag="300" ind1=" " ind2=" ">
    <subfield code="a">635</subfield>
    <subfield code="d">Ref 1068 E (29932)</subfield>
  </datafield>
  <datafield tag="365" ind1=" " ind2=" ">
    <subfield code="c">Rs.</subfield>
    <subfield code="b">499.00</subfield>
  </datafield>
  <datafield tag="700" ind1=" " ind2=" ">
    <subfield code="a">Floyd T.L.</subfield>
  </datafield>
  <datafield tag="906" ind1=" " ind2=" ">
    <subfield code="d">B:733614-Jan-2009</subfield>
    <subfield code="c">ETC </subfield>
    <subfield code="b">2994</subfield>
  </datafield>
  <datafield tag="999" ind1=" " ind2=" ">
    <subfield code="c">320879</subfield>
    <subfield code="d">320879</subfield>
  </datafield>
  <datafield tag="952" ind1=" " ind2=" ">
    <subfield code="0">0</subfield>
    <subfield code="1">0</subfield>
    <subfield code="4">0</subfield>
    <subfield code="7">0</subfield>
    <subfield code="a">CCEP</subfield>
    <subfield code="b">CCEP</subfield>
    <subfield code="d">2009-03-04</subfield>
    <subfield code="e">Tbs</subfield>
    <subfield code="f">ETC </subfield>
    <subfield code="g">399.20</subfield>
    <subfield code="i">7336</subfield>
    <subfield code="l">16</subfield>
    <subfield code="o">621.3815'3</subfield>
    <subfield code="p">CCEP-BK-32086</subfield>
    <subfield code="r">2026-01-20 07:27:26</subfield>
    <subfield code="s">2025-12-24</subfield>
    <subfield code="t">2994</subfield>
    <subfield code="v">499.00</subfield>
    <subfield code="w">2009-01-14</subfield>
    <subfield code="y">BK</subfield>
    <subfield code="z">032086</subfield>
  </datafield>
</record>
